• 首页
  • 本馆介绍
  • 公告通知
  • 最新文献
  • 馆藏检索
  • 电子资源
  • 读者导购
  • 参考咨询
  • 我的图书馆
  • 登录
  • 详细信息显示
  • 放入我的书架
  • 预约/预借图书
  • 作者相关作品
  • 分类相关作品
  • 丛书相关作品
  • 出版社相关作品

书目信息

  • 表格格式
  • 工作单格式
  • 卡片格式
题名:
药窗诗话
    
 
作者: 吴藕汀 著
分册:  
出版信息: 北京   中国人民大学出版社  2010
页数: 361页
开本: 23cm
丛书名:
单 册:
中图分类: K295.53
科图分类:
主题词: 地方史
电子资源:
ISBN: 978-7-300-07867-0
000 00862nam0 2200265 45
001 1029497913
005 20100428093700.37
010    @a978-7-300-07867-0@dCNY35.00
100    @a20100426d2010 em y0chiy0110 ea
101 0  @achi
102    @aCN@b110000
105    @aa z 000cy
106    @ar
200 1  @a药窗诗话@AYao Chuang Shi Hua@dYaochuang poetry talks@f吴藕汀著@FWu Ou Ting Zhu@zeng
210    @a北京@c中国人民大学出版社@d2010
215    @a361页@c照片@d23cm
330    @a本书是文化老人吴藕汀晚年闲居嘉兴的信笔之作。对民国时期浙江嘉兴及其周边区域的风土人情和社会生活方式作了栩栩如生的描绘。
510 1  @aYaochuang poetry talks@zeng
606 0  @a地方史
607    @a嘉兴市@x地方史@j史料
607    @a嘉兴市
690    @aK295.53@v4
701  0 @a吴藕汀@AWu Ou Ting@4著
801  0 @aCN@bTANGWEI@c20100428
905    @b0596363-67@dK295.53@e183@f5
    
    药窗诗话=Yaochuang poetry talks/吴藕汀著.-北京:中国人民大学出版社,2010
    361页:照片;23cm
    
    
    ISBN 978-7-300-07867-0:CNY35.00
    本书是文化老人吴藕汀晚年闲居嘉兴的信笔之作。对民国时期浙江嘉兴及其周边区域的风土人情和社会生活方式作了栩栩如生的描绘。
●
相关链接 在E读中查询图书 在五车中查询图书 在当当中查询图书 在豆瓣中查询图书


正题名:药窗诗话     索取号:K295.53/183         预约/预借

序号 登录号 条形码 馆藏地/架位号 状态 备注
1 0596363   205963634   第二样本阅览室/ [索取号:K295.53/183] 在馆    
2 0596364   205963643   第二借阅区/ [索取号:K295.53/183] 在馆    
3 0596365   205963652   第二借阅区/ [索取号:K295.53/183] 在馆    
4 0596366   205963661   第二借阅区/ [索取号:K295.53/183] 在馆    
5 0596367   205963670   第二借阅区/ [索取号:K295.53/183] 在馆    
唐山师范学院图书馆 欢迎您!
大连网信软件有限公司© 版权所有